LIBRARY ONLINE CATALOGUE

Shreds of tenderness. (Record no. 13024)

MARC details
000 -LEADER
fixed length control field 00477nam a22001812 4500
001 - CONTROL NUMBER
control field 0000006135
005 - DATE AND TIME OF LATEST TRANSACTION
control field 20151217155830.0
008 - FIXED-LENGTH DATA ELEMENTS--GENERAL INFORMATION
fixed length control field 070920s xx 000 0 eng d
020 ## - INTERNATIONAL STANDARD BOOK NUMBER
International Standard Book Number 0195729544 :
Terms of availability KES 260
040 ## - CATALOGING SOURCE
Original cataloging agency KABU
Transcribing agency KABU
100 1# - MAIN ENTRY--PERSONAL NAME
Personal name Ruganda, John.
-- 0000152258
245 10 - TITLE STATEMENT
Title Shreds of tenderness.
260 ## - PUBLICATION, DISTRIBUTION, ETC. (IMPRINT)
Place of publication, distribution, etc. Oxford :
Name of publisher, distributor, etc. OUP,
Date of publication, distribution, etc. 2001.
300 ## - PHYSICAL DESCRIPTION
Extent 134 p.
908 ## - PUT COMMAND PARAMETER (RLIN)
Put command parameter 070920
950 ## - LOCAL HOLDINGS (RLIN)
-- 1
Holdings
Withdrawn status Lost status Source of classification or shelving scheme Not for loan Home library Current library Date acquired Total Checkouts Full call number Barcode Date last seen Copy number Price effective from Koha item type Shelving location Cost, normal purchase price Inventory number Date last checked out
    Library of Congress Classification   Kabarak, Main Campus Kabarak, Main Campus 17/12/2015   PR9402.9 .R84S57 c. 1 004974 17/12/2015 c. 1 17/12/2015 Africana Collection        
    Library of Congress Classification   Kabarak, Main Campus Kabarak, Main Campus 03/10/2017 12 PR9402.9 .R84S57 c.2 027742 17/07/2019 c.2 03/10/2017 Inter-Library Loans Reserve Collection 550.00 2017/0283 09/07/2019
    Library of Congress Classification   Kabarak, Main Campus Kabarak, Main Campus 14/09/2018   PR9402.9 .R84S57 c. 3 022092 14/09/2018 c. 3 14/09/2018 General Collection Reserve Collection 550.00